| 000 | 03322cam a22004695i 4500 | ||
|---|---|---|---|
| 001 | 21677199 | ||
| 005 | 20230714144530.0 | ||
| 006 | m |o d | | ||
| 007 | cr ||||||||||| | ||
| 008 | 170214s2017 gw |||| o |||| 0|eng | ||
| 010 | _a 2019745098 | ||
| 020 | _a9783319486314 | ||
| 024 | 7 |
_a10.1007/978-3-319-48631-4 _2doi |
|
| 035 | _a(DE-He213)978-3-319-48631-4 | ||
| 040 |
_aDLC _beng _epn _erda _cDLC |
||
| 050 | _aJA 85.2 .O48 2017 | ||
| 072 | 7 |
_aJPA _2bicssc |
|
| 072 | 7 |
_aJPA _2thema |
|
| 072 | 7 |
_aPOL000000 _2bisacsh |
|
| 082 | 0 | 4 |
_a320.014 _223 |
| 245 | 0 | 0 |
_aPolitical Communication in Africa / _cedited by Ayo Olukotun, Sharon Adetutu Omotoso. |
| 250 | _a1st ed. 2017. | ||
| 300 | _a1 online resource (XV, 246 pages) | ||
| 505 | 0 | _aPreface -- 1 Introduction: The African Policom Stew -- 2 Political Communication: An Evolving Field, Yet to Berth in Africa -- 3 Political Communication and African Diplomacy -- 4 African Ethics and African Political Communication: Some Comments -- 5 Strategic Political Communication in Africa -- 6 Habermas in Africa? Re-Interrogating the 'Public Sphere' and 'Civil Society' in African Political Communication Research -- 7 Hostile Political Communication: Triadic Examples from Africa -- 8 Media, Propaganda and the Image Dilemma of African States -- 9 Singing Truth to Power and the Disempowered: The Case of Lucky Mensah and his Song,"NKRATOO" -- 10 Gender and Political Communication in Africa -- 11 From "Governor-General" to "Kwankwasiya": Democracy and Branded Political Communication in Nigeria's Fourth Republic -- 12 Nigerian Newspapers' Publication of Predicted and the Actual Outcome of 2015 Presidential Election in Nigeria: Lessons for Africa -- 13 Reporting Africa: The Role of the Media in (Un) Shaping the Democratic Agenda -- 14 Globalization and Political Communication in Africa: Anglo-American Influences in Kenya and Nigeria. | |
| 520 | _aThis book offers a comprehensive account of the nature and development of political communication in Africa. In light of the growing number of African states now turning towards democratic rule, as well as the growing utilization of information technologies in Africa, the contributors examine topics such as: the role of social media in politics, strategic political communication, political philosophy and political communication, Habermas in Africa, gender and political communication, image dilemma in Africa, and issues in political communication research in Africa, and identify the frontiers for future research on political communication in Africa. | ||
| 650 | 0 | _aAfrica-Politics and government. | |
| 650 | 0 | _aCommunication. | |
| 650 | 0 | _aDemocracy. | |
| 650 | 0 | _aPolitical communication. | |
| 650 | 1 | 4 | _aPolitical Communication. |
| 650 | 2 | 4 | _aAfrican Politics. |
| 650 | 2 | 4 | _aCommunication Studies. |
| 650 | 2 | 4 | _aDemocracy. |
| 700 | 1 |
_aOlukotun, Ayo. _eeditor. |
|
| 700 | 1 |
_aOmotoso, Sharon Adetutu. _eeditor. |
|
| 776 | 0 | 8 |
_iPrint version: _tPolitical communication in Africa _z9783319486307 _w(DLC) 2016961705 |
| 776 | 0 | 8 |
_iPrinted edition: _z9783319486307 |
| 776 | 0 | 8 |
_iPrinted edition: _z9783319486321 |
| 776 | 0 | 8 |
_iPrinted edition: _z9783319839813 |
| 906 |
_a0 _bibc _corigres _du _encip _f20 _gy-gencatlg |
||
| 942 |
_2lcc _cBOOKS _hJA 85.2 .O48 2017 |
||
| 999 |
_c31654 _d31654 |
||